Statistics for Country Borders - Double tripoints and 4 bordering each other

Click here to take the quiz!

General Stats

  • This quiz has been taken 1,685 times
  • The average score is 36 of 46

Answer Stats

country % Correct
Russia
96%
China
94%
Germany
93%
France
92%
India
90%
Spain
87%
Belgium
87%
Poland
86%
Ukraine
86%
Mongolia
85%
Austria
85%
Switzerland
84%
Nepal
83%
Luxembourg
83%
Brazil
83%
Belarus
82%
Netherlands
82%
Andorra
82%
Argentina
81%
Paraguay
79%
Romania
79%
Lithuania
79%
Bolivia
79%
Democratic Republic of the Congo
79%
Latvia
79%
South Africa
76%
Bhutan
76%
Turkey
76%
Moldova
76%
Iran
76%
Armenia
72%
Zambia
72%
Mozambique
72%
Tanzania
71%
Liechtenstein
71%
Georgia
71%
Uganda
71%
Rwanda
70%
Azerbaijan
70%
Burundi
66%
Swaziland
66%
Serbia
65%
Malawi
64%
Croatia
62%
Bosnia and Herzegovina
61%
Montenegro
57%

Score Distribution

Percentile by Number Answered

Percent of People with Each Score

Your Score History

You have not taken this quiz